[Event "WSTCC-65 2020"]
[Site "Prague"]
[Date "2020.03.11"]
[Round "6.43"]
[White "Vavruska, Antonin"]
[Black "Christiansen, Arne"]
[Result "0-1"]
[WhiteElo "1971"]
[BlackElo "2016"]
[Annotator "ChessBase"]
[PlyCount "81"]
[EventDate "2020.03.06"]
[EventType "team-tourn"]
[EventCountry "CZE"]
[SourceTitle "playchess.com"]
[Source "ChessBase"]
[SourceQuality "1"]
[TimeControl "40/5400+30:1800+30"]

1. e4 {[%emt 0:00:00]} d6 {[%emt 0:00:00]} 2. d4 {[%emt 0:00:00]} g6 {[%emt 0:00:06]} 3. Nc3 {[%emt 0:00:00]} Bg7 {[%emt 0:00:10]} 4. Bg5 {[%emt 0:00:07]} c6 {[%emt 0:00:52]} 5. Qd2 {[%emt 0:00:41]} b5 {[%emt 0:01:49]} 6. h3 {[%emt 0:01:00]} Nf6 {[%emt 0:00:41]} 7. Nf3 {[%emt 0:00:36]} b4 {[%emt 0:00:52]} 8. Ne2 {[%emt 0:34:16]} Nxe4 {[%emt 0:00:16]} 9. Qf4 {[%emt 0:00:57]} Nxg5 {[%emt 0:01:01]} 10. Nxg5 {[%emt 0:00:15]} O-O {[%emt 0:00:31]} 11. Qh4 {[%emt 0:03:06]} h6 {[%emt 0:00:53]} 12. Nf3 {[%emt 0:01:37]} Nd7 {[%emt 0:03:15]} 13. O-O-O {[%emt 0:08:06]} c5 {[%emt 0:08:36]} 14. Qe4 {[%emt 0:10:55]} Rb8 {[%emt 0:00:49]} 15. Qe3 {[%emt 0:02:53]} Bb7 {[%emt 0:03:22]} 16. Kb1 {[%emt 0:07:29]} cxd4 {[%emt 0:15:45]} 17. Nexd4 {[%emt 0:00:22]} Ne5 {[%emt 0:02:02]} 18. Be2 {[%emt 0:01:16]} Qb6 {[%emt 0:05:55]} 19. Rhe1 {[%emt 0:02:29]} Rbc8 {[%emt 0:02:37]} 20. Rd2 {[%emt 0:02:51]} Bxf3 {[%emt 0:07:55]} 21. Nxf3 {[%emt 0:05:23]} Qxe3 {[%emt 0:00:47]} 22. fxe3 Nc4 {[%emt 0:01:30]} 23. Bxc4 {[%emt 0:00:09]} Rxc4 {[%emt 0:00:07]} 24. Rd5 {[%emt 0:02:49]} Rfc8 {[%emt 0:01:11]} 25. Re2 {[%emt 0:00:12]} R4c5 {[%emt 0:10:01]} 26. Red2 {[%emt 0:01:48]} f5 {[%emt 0:00:43]} 27. R5d3 {[%emt 0:02:03]} Kf7 {[%emt 0:00:47]} 28. a3 {[%emt 0:00:56]} Rb8 {[%emt 0:08:40]} 29. Rb3 {[%emt 0:00:53]} Rcb5 {[%emt 0:00:23]} 30. Ne1 {[%emt 0:05:25]} bxa3 {[%emt 0:00:58]} 31. Rxb5 {[%emt 0:00:19]} Rxb5 {[%emt 0:00:12]} 32. c4 {[%emt 0:02:06]} Rxb2+ {[%emt 0:00:51]} 33. Rxb2 {[%emt 0:00:08]} axb2 {[%emt 0:00:09]} 34. Nd3 {[%emt 0:00:13]} Bc3 {[%emt 0:02:44]} 35. Kc2 {[%emt 0:00:25]} Bd2 {[%emt 0:00:44]} 36. Nxb2 {[%emt 0:00:16]} Bxe3 {[%emt 0:00:07]} 37. Kd3 {[%emt 0:00:20]} Bc5 {[%emt 0:00:09]} 38. Na4 {[%emt 0:01:18]} e5 {[%emt 0:00:22]} 39. Nc3 {[%emt 0:00:10]} Ke6 {[%emt 0:00:13]} 40. Nd5 {[%emt 0:00:00]} e4+ {[%emt 0:00:00]} 41. Kc2 0-1

[Event "WSTCC-65 2020"]
[Site "Prague"]
[Date "2020.03.11"]
[Round "6.44"]
[White "Jorgensen, Brian Jorgen"]
[Black "Nespor, Ivan"]
[Result "1/2-1/2"]
[WhiteElo "2217"]
[BlackElo "1707"]
[Annotator "TA"]
[PlyCount "137"]
[EventDate "2020.03.06"]
[EventType "team-tourn"]
[EventCountry "CZE"]
[SourceTitle "playchess.com"]
[Source "ChessBase"]
[SourceQuality "1"]

{[%evp 19,137,45,58,44,66,51,105,58,120,61,60,51,64,25,67,50,46,0,12,12,15,3,0,0,12,6,10,10,14,14,144,163,158,166,150,156,160,153,219,163,298,211,231,198,354,179,200,164,187,159,138,0,0,0,0,-341,-326,-431,-440,-440,-440,-440,-440,-440,-440,-440,-439,-433,-416,-429,-414,-388,-324,-433,0,-466,0,-466,-466,-469,-454,-809,-770,-697,-454,-466,-404,-748,-718,-740,-720,-688,0,-688,-666,-1026,-956,-1604,-1160,-1956,-1309,-1276,-1191,-1328,-934,-1231,-1120,-2846,-1050,-1011,-910,-991,-654,-746,-308,-654,-647,-636,-509,-509]} 1. Nf3 Nf6 2. g3 g6 3. Bg2 Bg7 4. c4 O-O 5. O-O d6 6. d4 c6 7. Nc3 Qc7 8. e4 e5 9. h3 Nbd7 10. Be3 b6 11. Re1 {E69: King's Indian: Fianchetto: 6...Nbd7 7 0-0 e5 8 e4 c6 9 h3.} a5 12. Rc1 Ba6 ({Black should play} 12... Re8 $14) 13. b3 {[#] White is better.} Rab8 $146 ({Black should try} 13... Rfe8 $14) ({Predecessor:} 13... Qb8 14. Qc2 b5 15. dxe5 dxe5 16. cxb5 cxb5 17. Nd5 Nxd5 18. exd5 Rc8 19. Qd2 Rxc1 20. Rxc1 {1-0 (27) Seresin,F (2251)-Picco,R (1970) Arco 2016}) 14. Qc2 (14. Nb5 $16 Bxb5 15. cxb5) 14... Qb7 15. Bf1 Rfc8 16. Qb1 Ne8 17. a3 Nc7 18. b4 axb4 19. axb4 {Threatens to win with b5.} b5 20. dxe5 Nxe5 21. Nxe5 Bxe5 22. c5 $36 {[%mdl 2048] White has good play.} dxc5 23. Bxc5 Ne6 24. Be3 $1 Nd4 (24... Qe7 $11 {keeps the balance.}) 25. Red1 $16 Rd8 26. f4 Bg7 27. e5 Nf5 28. Bf2 Bf8 (28... Rxd1 $16 {was worth a try.} 29. Rxd1 Qc7) 29. Ne4 Be7 (29... Qc7 $142 30. Nf6+ Kh8) 30. Bg2 Rxd1+ 31. Rxd1 {Black must now prevent g4.} Rd8 $2 (31... Qc7 32. g4 Ng7) 32. Rc1 (32. g4 $142 Rxd1+ 33. Qxd1) 32... Nd4 33. Qb2 Qd7 34. Kh1 Bb7 35. Nc5 (35. Kh2 $16 Ne6 36. Ra1) 35... Bxc5 $1 $11 36. Rxc5 Ne6 {aiming for ...Qd1+.} 37. Rc2 $2 {[%mdl 8192] [#] White is now going downhill.} (37. Rc1 $11) 37... c5 $1 $19 {[%mdl 512]} 38. bxc5 {Hoping for c6.} Bxg2+ $1 39. Kxg2 Qc6+ $1 40. Kh2 Rd1 {[%csl Gc6][%cal Rd1h1]} 41. Bg1 {[#]} Nd4 $1 {[%cal Rd4f3][%mdl 576] Decoy} 42. Qxd4 (42. Bxd4 Rh1#) 42... Rxd4 43. Bxd4 {[%mdl 4096] Endgame KQ-KRB} Qe4 44. Rd2 b4 45. Bb2 b3 46. h4 {If White can now play c6! this consolidates a bit.} Qe3 $2 (46... Kf8 $19 {...Qe3 is the strong threat.} 47. Ba3 Ke8) 47. Rd8+ $11 Kg7 48. e6+ $2 {[%mdl 8192]} (48. c6 $1 $11 {and White has nothing to worry.}) 48... f6 $19 49. Rd7+ Kf8 50. Ba3 (50. Bxf6 $142 Qxe6 51. Rd6 Qe2+ 52. Kh3) 50... Qe2+ 51. Kg1 Qxe6 52. c6+ Ke8 53. Rb7 (53. Kf2 $142 Qxc6 54. Re7+ Kd8 55. Re3) 53... Qe3+ 54. Kh2 Qe2+ 55. Kg1 Qe3+ 56. Kh2 $1 {intending Rb8+.} Kd8 57. Rd7+ Kc8 58. Rb7 h5 59. Rf7 Qe2+ 60. Kg1 b2 61. Bxb2 Qxb2 {KQ-KR} 62. Rg7 Qc2 63. c7 Qf5 64. Kg2 Kb7 65. Kf2 Kb6 66. Ke3 Kc5 {[#]} (66... Qe6+ $142 67. Kd4 Qd6+ 68. Kc4 Qc6+ 69. Kd4 Qc5+ 70. Kd3 Kb7) 67. Kf2 $2 (67. Rxg6 $1 {[%mdl 512]} Qe6+ (67... Qxg6 68. c8=Q+) 68. Kf2) 67... Kd4 68. Re7 Qc2+ 69. Kf3 {[%mdl 32768] Accuracy: White = 38%, Black = 58%. . An unexpected result.} 1/2-1/2

[Event "WSTCC-65 2020"]
[Site "Prague"]
[Date "2020.03.11"]
[Round "6.45"]
[White "Watzka, Horst"]
[Black "Stebbings, Anthony J"]
[Result "1/2-1/2"]
[WhiteElo "2166"]
[BlackElo "2313"]
[Annotator "TA"]
[PlyCount "52"]
[EventDate "2020.03.06"]
[EventType "team-tourn"]
[EventCountry "CZE"]
[SourceTitle "playchess.com"]
[Source "ChessBase"]
[SourceQuality "1"]

{[%evp 27,52,-24,-18,-15,-14,-54,-56,-60,-49,-87,-66,-89,-84,-97,-79,-95,-44,-38,-22,-21,-23,-21,0,0,14,-5,0]} 1. e4 c5 2. Nf3 e6 3. d4 cxd4 4. Nxd4 Nc6 5. Nc3 Qc7 6. Be3 a6 7. Bd3 Nf6 8. O-O Ne5 9. h3 Bc5 10. Qe2 d6 11. Nb3 Bxe3 12. Qxe3 O-O 13. f4 Ng6 14. Rae1 b5 15. a3 {B48: Sicilian: Taimanov: 5 Nc3 Qc7 6 Be3 a6 without Be2.} Bb7 16. g4 e5 {[#]} 17. fxe5 $146 {Black is slightly better.} ({Predecessor:} 17. f5 Nf4 18. Rxf4 exf4 19. Qxf4 Rfe8 20. g5 Nd5 21. Nxd5 Bxd5 22. Nd2 Bb7 23. Qh4 {½-½ (38) Juarez,C-Garcia,R Buenos Aires 1969}) 17... dxe5 18. Ne2 Nd7 19. Rf2 Rac8 20. Qg3 Rfe8 21. Ref1 Re7 ({Black should try} 21... Qb6 $17 22. Qf3 Re7) 22. h4 $1 $15 Nf4 23. Nxf4 exf4 24. Qxf4 Qxf4 {The position is equal.} 25. Rxf4 Rce8 26. Re1 h6 {Accuracy: White = 83%, Black = 91%.} 1/2-1/2

[Event "WSTCC-65 2020"]
[Site "Prague"]
[Date "2020.03.11"]
[Round "6.46"]
[White "Page, Mark E"]
[Black "Kratschmer, Heinz"]
[Result "0-1"]
[WhiteElo "2135"]
[BlackElo "2037"]
[Annotator "ChessBase"]
[PlyCount "72"]
[EventDate "2020.03.06"]
[EventType "team-tourn"]
[EventCountry "CZE"]
[SourceTitle "playchess.com"]
[Source "ChessBase"]
[SourceQuality "1"]
[TimeControl "40/5400+30:1800+30"]

1. e4 {[%emt 0:00:00]} c5 {[%emt 0:00:00]} 2. Nc3 {[%emt 0:00:00]} g6 {[%emt 0:00:00]} 3. f4 {[%emt 0:00:00]} Bg7 {[%emt 0:00:09]} 4. Nf3 {[%emt 0:00:00]} Nc6 {[%emt 0:00:17]} 5. Bb5 {[%emt 0:00:42]} Nd4 {[%emt 0:00:18]} 6. O-O {[%emt 0:00:29]} a6 {[%emt 0:00:08]} 7. Bd3 {[%emt 0:00:04]} d6 {[%emt 0:00:34]} 8. Nxd4 {[%emt 0:01:27]} cxd4 {[%emt 0:00:21]} 9. Ne2 {[%emt 0:00:06]} e5 {[%emt 0:00:31]} 10. Qe1 {[%emt 0:06:48]} Nf6 {[%emt 0:04:06]} 11. c3 {[%emt 0:04:29]} O-O {[%emt 0:02:57]} 12. Kh1 {[%emt 0:04:16]} Re8 {[%emt 0:06:19]} 13. fxe5 {[%emt 0:17:17]} dxe5 {[%emt 0:01:28]} 14. cxd4 {[%emt 0:03:07]} exd4 {[%emt 0:00:16]} 15. Ng3 {[%emt 0:05:06]} Be6 {[%emt 0:21:35]} 16. b3 {[%emt 0:01:41]} Ng4 {[%emt 0:02:02]} 17. Ne2 {[%emt 0:08:54]} Ne5 {[%emt 0:12:21]} 18. Qg3 {[%emt 0:05:01]} h5 {[%emt 0:04:21]} 19. Bb1 {[%emt 0:10:04]} Ng4 {[%emt 0:07:26]} 20. d3 {[%emt 0:05:54]} h4 {[%emt 0:08:22]} 21. Qe1 {[%emt 0:01:25]} Ne3 {[%emt 0:03:17]} 22. Rg1 {[%emt 0:03:02]} Rc8 {[%emt 0:07:17]} 23. Bb2 {[%emt 0:03:04]} Bg4 {[%emt 0:02:38]} 24. h3 {[%emt 0:03:02]} Bxe2 {[%emt 0:02:05]} 25. Qxe2 {[%emt 0:00:15]} Nf5 {[%emt 0:00:10]} 26. g4 {[%emt 0:04:40]} Ng3+ {[%emt 0:00:08]} 27. Rxg3 {[%emt 0:00:21]} hxg3 {[%emt 0:00:02]} 28. Bc2 {[%emt 0:00:54]} Re6 {[%emt 0:02:12]} 29. Rf1 {[%emt 0:00:47]} Rf6 {[%emt 0:01:19]} 30. Rxf6 {[%emt 0:01:38]} Qxf6 {[%emt 0:00:13]} 31. Kg2 {[%emt 0:00:06]} Qf4 {[%emt 0:04:34]} 32. Bd1 {[%emt 0:01:33]} Be5 {[%emt 0:01:18]} 33. b4 {[%emt 0:00:50]} Kg7 {[%emt 0:00:34]} 34. a4 {[%emt 0:00:26]} Rh8 {[%emt 0:00:15]} 35. Qf1 {[%emt 0:04:15]} Qd2+ {[%emt 0:00:43]} 36. Qe2 {[%emt 0:00:13]} Qh6 {[%emt 0:00:07]} 0-1

[Event "WSTCC-65 2020"]
[Site "Prague"]
[Date "2020.03.11"]
[Round "6.47"]
[White "Pitzl, Konstantinos"]
[Black "Bowmer, Kevin"]
[Result "1/2-1/2"]
[WhiteElo "2023"]
[BlackElo "2116"]
[Annotator "ChessBase"]
[PlyCount "45"]
[EventDate "2020.03.06"]
[EventType "team-tourn"]
[EventCountry "CZE"]
[SourceTitle "playchess.com"]
[Source "ChessBase"]
[SourceQuality "1"]
[TimeControl "40/5400+30:1800+30"]

1. Nf3 {[%emt 0:00:00]} g6 {[%emt 0:00:00]} 2. g3 {[%emt 0:00:07]} Bg7 {[%emt 0:00:00]} 3. Bg2 {[%emt 0:00:09]} c5 {[%emt 0:00:31]} 4. O-O {[%emt 0:00:37]} Nc6 {[%emt 0:00:24]} 5. c3 {[%emt 0:00:39]} e5 {[%emt 0:02:22]} 6. d3 {[%emt 0:00:37]} Nge7 {[%emt 0:01:08]} 7. e4 {[%emt 0:00:55]} O-O {[%emt 0:14:43]} 8. Be3 {[%emt 0:00:35]} d6 {[%emt 0:00:33]} 9. d4 {[%emt 0:00:18]} cxd4 {[%emt 0:01:53]} 10. cxd4 {[%emt 0:00:06]} Bg4 {[%emt 0:03:04]} 11. d5 {[%emt 0:00:40]} Nb4 {[%emt 0:11:50]} 12. a3 {[%emt 0:00:32]} Na6 {[%emt 0:01:18]} 13. h3 {[%emt 0:00:04]} Bd7 {[%emt 0:02:11]} 14. Nc3 {[%emt 0:00:17]} f5 {[%emt 0:12:04]} 15. Rc1 {[%emt 0:09:31]} b6 {[%emt 0:08:18]} 16. b4 {[%emt 0:02:43]} Nc7 {[%emt 0:03:22]} 17. Nh2 {[%emt 0:15:40]} Nb5 {[%emt 0:10:44]} 18. Nxb5 {[%emt 0:02:24]} Bxb5 {[%emt 0:00:04]} 19. Re1 {[%emt 0:00:08]} fxe4 {[%emt 0:01:08]} 20. Bxe4 {[%emt 0:03:53]} Nf5 {[%emt 0:02:09]} 21. Qd2 {[%emt 0:04:02]} Qd7 {[%emt 0:04:31]} 22. Kg2 {[%emt 0:05:08]} Rac8 {[%emt 0:03:07]} 23. Nf3 {[%emt 0:01:16]} 1/2-1/2

[Event "WSTCC-65 2020"]
[Site "Prague"]
[Date "2020.03.11"]
[Round "6.48"]
[White "Stokes, Michael"]
[Black "Nickl, Klaus"]
[Result "0-1"]
[WhiteElo "2100"]
[BlackElo "1946"]
[Annotator "TA"]
[PlyCount "123"]
[EventDate "2020.03.06"]
[EventType "team-tourn"]
[EventCountry "CZE"]
[SourceTitle "playchess.com"]
[Source "ChessBase"]
[SourceQuality "1"]

{[%evp 14,123,31,26,47,47,56,56,62,55,92,51,70,27,58,9,59,0,20,15,65,57,152,127,202,25,27,0,0,0,0,0,0,0,0,-83,-93,-90,-86,-68,-66,-72,-86,-121,-94,-118,-117,-90,-116,-178,-92,-210,-221,-285,-234,-275,-160,-627,-279,-997,-996,-1569,-1552,-3312,-2649,-6087,-3094,-2195,-1899,-1754,-339,-339,-339,-339,-325,-308,-293,-399,-19,-703,-116,-407,-83,-325,-320,-691,-110,-110,0,0,0,0,0,0,0,0,0,0,0,0,0,0,0,0,0,0,0,0,0,0,0,0]} 1. e4 e6 2. d4 d5 3. Nc3 dxe4 4. Nxe4 Nd7 5. Nf3 Ngf6 6. Nxf6+ Nxf6 7. Bd3 c5 8. Be3 Bd7 {C10: French with 3 Nc3: Unusual Black 3rd moves and 3...dxe4.} 9. Qe2 {[#]} cxd4 $146 ({Predecessor:} 9... Qc7 10. O-O Bd6 11. Rad1 O-O 12. dxc5 Bxc5 13. Rd2 Bxe3 14. Qxe3 Bc6 15. Ne5 Rfd8 16. Rfd1 {½-½ (26) Salati,P (2231)-Postupa,P (2251) ICCF email 2015}) 10. Bxd4 Bc6 {Strongly threatening ...Bxf3.White is slightly better.} 11. O-O Qd5 12. Be5 Be7 13. Rfe1 O-O 14. Rad1 Qa5 15. Ng5 (15. Nd4 $14) 15... g6 (15... h6 $5 {[%cal Rh6g5]} 16. Bxf6 Bxf6 $11) 16. Bc4 Nd5 17. Ne4 f5 (17... Nb6 $14 18. Bc3 Qh5 19. Qxh5 gxh5) 18. Nc3 {Hoping for Nxd5.} Rfe8 (18... Bf6 $16) 19. Nxd5 $2 ({Better is} 19. Nb5 $18) 19... exd5 $11 20. Bc3 Bb4 21. Qxe8+ Rxe8 22. Rxe8+ Kf7 (22... Bxe8 $2 {is the wrong capture.} 23. Rxd5 Qxd5 24. Bxd5+ Bf7 25. Bxf7+ (25. Bxb4 Bxd5 26. a3 Kf7 $14) 25... Kxf7 26. Bxb4 $18) 23. Re5 Bxc3 24. bxc3 (24. Bxd5+ $11 {was the only way to keep the balance.} Kf6 25. Re6+ {[%mdl 64] Double Attack} Kg5 26. Bxc6) 24... Kf6 $17 25. Rde1 Qxc3 26. Re6+ Kg5 27. Bd3 d4 $36 {[%mdl 2048] Black is really pushing.} 28. h3 Bd5 29. Re7 Kf6 30. R1e2 h5 31. f3 (31. Rd7 $17 {was worth a try.} Qc5 32. f4) 31... h4 (31... Qc6 $19 32. a3 Qd6 {[%mdl 64] Double Attack}) 32. Kf2 (32. Rd7 $17 Qc5 33. f4 Bxa2 34. Rxb7) 32... a5 $1 $19 33. Rh7 Bxa2 34. Rxh4 Bg8 (34... a4 $19 35. Rh7 Qc8) 35. Rf4 $2 (35. Re8 $17) 35... Be6 (35... a4 $142 {White must now prevent ...a3.} 36. Re8 Bf7) 36. h4 $2 (36. Rh4) 36... a4 37. g4 a3 38. gxf5 gxf5 39. h5 a2 40. h6 a1=Q 41. Rh4 Qa8 $2 (41... Qc7 42. Rh3 Qh7) 42. h7 Qh8 43. Rh6+ Kg7 44. Rhxe6 Kxh7 45. f4 Qf8 $2 (45... Qa3 $1 $19 {[%cal Ra3c1]} 46. R2e5 Qd8 47. Bxf5+ Kg7 48. Rg6+ Kf8) 46. R6e5 $2 {[%mdl 8192]} (46. Re7+ $11 Kg8 47. Re8) 46... Qcc8 $2 ({Not} 46... Qh6 47. Re7+ Kg8 48. Re8+ Qf8 49. Rxf8+ Kxf8 50. Re5 $11) (46... Qf6 $19 47. Kg1 Qg6+ 48. Kf2 Kg7 49. Re7+ Kf8) 47. Re1 $2 {[%mdl 8192]} (47. Kg1 $17 {might work better.}) 47... Qf6 $2 (47... Qh6 $1 $19 {[%cal Rh6f4] is more deadly.} 48. Re7+ Kg8 49. Re8+ Qxe8 $1 {[%mdl 512]} 50. Rxe8+ Kf7) 48. Rh1+ $2 (48. Re7+ $17 Kg8 49. Re8+ Qxe8 50. Rxe8+ Kh7 51. Re5) 48... Kg6 $1 49. Rg1+ $2 (49. Rh3 Qd6 50. Rg3+ Kf6 51. Rh3) 49... Kf7 $1 {( -> ...Qh4+)} 50. Rg5 {[%cal Re5f5] [#]} Qxg5 (50... Qxe5 $1 $17 51. fxe5 Qc3 52. Rxf5+ Ke6) 51. fxg5 $11 {The position is equal.} Kg6 (51... f4 {feels hotter.} 52. Rf5+ Kg7 53. Kf3 Qc7 54. Rd5 Qe7) 52. Bxf5+ Qxf5+ 53. Rxf5 Kxf5 54. Kf3 Kxg5 {[%mdl 4096] Endgame aiming for ...Kf5. KPP-KP} 55. Ke4 Kf6 56. Kxd4 {KP-KP} Ke6 57. Kc5 Kd7 58. Kb6 Kc8 59. c4 Kb8 60. Kc5 Kc7 61. Kd5 b6 62. Kd4 {[%mdl 32768] What a bad dream for Black. Accuracy: White = 40%, Black = 71%. . Sensor Board Error (Ke4/e5)?} 0-1

[Event "WSTCC-65 2020"]
[Site "Prague"]
[Date "2020.03.12"]
[Round "7.1"]
[White "Vaisser, Anatoly"]
[Black "Birnboim, Nathan"]
[Result "1-0"]
[WhiteElo "2495"]
[BlackElo "2369"]
[Annotator "TA"]
[PlyCount "80"]
[EventDate "2020.03.06"]
[EventType "team-tourn"]
[EventCountry "CZE"]
[SourceTitle "playchess.com"]
[Source "ChessBase"]
[SourceQuality "1"]

{[%evp 9,80,18,18,12,22,22,29,31,57,44,42,20,43,48,51,37,60,42,48,57,98,51,49,53,56,58,77,100,126,133,121,121,132,140,113,102,109,120,118,110,126,111,100,115,214,209,308,306,352,359,351,354,341,350,528,517,516,518,508,512,493,77,601,595,727,701,765,737,762,761,746,706,706]} 1. d4 Nf6 2. c4 e5 3. dxe5 Ng4 4. e3 Nxe5 5. Nc3 g6 {[#]} 6. Nf3 $146 {A52: Budapest Gambit.} ({Predecessor:} 6. Nh3 d6 7. Nf4 Bg7 8. Be2 O-O 9. O-O Na6 10. Qd2 Nc5 11. b3 c6 12. Bb2 f5 {1-0 (44) Granda Zuniga,J (2599)-Moskalenko,V (2569) Barcelona 2008}) 6... Nxf3+ 7. Qxf3 Bg7 8. Qe4+ {White has an edge.} Kf8 9. Bd2 d6 10. Be2 h5 11. Qc2 Nc6 {[%cal Bb8c6,Bc6e5,Be5g4][%mdl 32]} 12. Nd5 Ne5 13. Bc3 c6 14. Nf4 Ng4 15. Rd1 Qe7 16. Qd2 Be5 17. Bb4 {[%cal Rb4d6]} g5 18. Nd3 $36 {[%mdl 2048] White has strong initiative.} c5 19. Nxe5 Nxe5 20. Bc3 {Strongly threatening f4.} Rh6 21. Qd5 Rb8 22. Bxe5 Qxe5 23. Qxe5 dxe5 24. Rd8+ Ke7 {[#]} 25. Rg8 $1 Rd6 26. Rxg5 Kf6 (26... b6 $16) 27. Rg8 $18 ({Resist} 27. Rxh5 Be6) 27... Ra6 (27... h4 $142 28. Rf1 b6) 28. a3 ({Much less strong is} 28. Bxh5 $6 Rxa2 29. O-O Rxb2 $16) 28... Rb6 29. Bxh5 Rxb2 30. O-O b5 31. Bg4 bxc4 (31... Bxg4 $142 32. Rxb8 b4 33. axb4 cxb4) 32. Rxc8 Rxc8 33. Bxc8 {[%mdl 4096] Endgame KRB-KR} c3 {[#] Threatens to win with ...c2.} 34. Ba6 e4 {Hoping for ...c2.} 35. f3 $2 (35. Rc1 $18) 35... Ke5 $2 {[%mdl 8192] Now Black is done in.} (35... c2 $16 36. fxe4+ {[%mdl 64] Discovered Attack} Kg7) 36. Rc1 {White is clearly winning.} Rb3 37. Bc4 Rxa3 38. Bxf7 exf3 39. gxf3 Kd6 40. h4 c4 {Accuracy: White = 85%, Black = 55%.} 1-0

[Event "WSTCC-65 2020"]
[Site "Prague"]
[Date "2020.03.12"]
[Round "7.2"]
[White "Maryasin, Boris"]
[Black "Giffard, Nicolas"]
[Result "1/2-1/2"]
[WhiteElo "2305"]
[BlackElo "2236"]
[Annotator "ChessBase"]
[PlyCount "42"]
[EventDate "2020.03.06"]
[EventType "team-tourn"]
[EventCountry "CZE"]
[SourceTitle "playchess.com"]
[Source "ChessBase"]
[SourceQuality "1"]
[TimeControl "40/5400+30:1800+30"]

1. e4 {[%emt 0:00:00]} c5 {[%emt 0:00:00]} 2. Nf3 {[%emt 0:00:04]} e6 {[%emt 0:00:00]} 3. d4 {[%emt 0:00:19]} cxd4 {[%emt 0:00:00]} 4. Nxd4 {[%emt 0:00:03]} Nf6 {[%emt 0:00:09]} 5. Nc3 {[%emt 0:00:14]} d6 {[%emt 0:00:06]} 6. f4 {[%emt 0:00:18]} Be7 {[%emt 0:03:35]} 7. Bb5+ {[%emt 0:01:12]} Bd7 {[%emt 0:01:14]} 8. e5 {[%emt 0:00:56]} dxe5 {[%emt 0:00:30]} 9. fxe5 {[%emt 0:00:16]} Nd5 {[%emt 0:00:46]} 10. Nxd5 {[%emt 0:00:43]} exd5 {[%emt 0:00:52]} 11. Bxd7+ {[%emt 0:09:24]} Qxd7 {[%emt 0:02:17]} 12. Qh5 {[%emt 0:03:54]} g6 {[%emt 0:05:25]} 13. Qe2 {[%emt 0:03:16]} O-O {[%emt 0:02:36]} 14. Bh6 {[%emt 0:08:09]} Re8 {[%emt 0:00:46]} 15. O-O-O {[%emt 0:00:22]} Bf6 {[%emt 0:07:23]} 16. Nf3 {[%emt 0:07:20]} Nc6 {[%emt 0:00:43]} 17. Qb5 {[%emt 0:01:28]} Nxe5 {[%emt 0:01:43]} 18. Qxd7 {[%emt 0:00:12]} Nxd7 {[%emt 0:00:07]} 19. Rxd5 {[%emt 0:00:09]} Nb6 {[%emt 0:00:33]} 20. Rdd1 {[%emt 0:03:26]} Na4 {[%emt 0:17:55]} 21. c3 {[%emt 0:02:32]} Re2 {[%emt 0:05:19]} 1/2-1/2

[Event "WSTCC-65 2020"]
[Site "Prague"]
[Date "2020.03.12"]
[Round "7.3"]
[White "Boudre, Jean-Pierre"]
[Black "Shevelev, Arkady"]
[Result "1/2-1/2"]
[WhiteElo "2263"]
[BlackElo "2278"]
[Annotator "ChessBase"]
[PlyCount "81"]
[EventDate "2020.03.06"]
[EventType "team-tourn"]
[EventCountry "CZE"]
[SourceTitle "playchess.com"]
[Source "ChessBase"]
[SourceQuality "1"]
[TimeControl "40/5400+30:1800+30"]

1. e4 {[%emt 0:00:04]} c6 {[%emt 0:00:00]} 2. d4 {[%emt 0:00:04]} d5 {[%emt 0:00:00]} 3. e5 {[%emt 0:03:01]} Bf5 {[%emt 0:00:07]} 4. h4 {[%emt 0:01:41]} h6 {[%emt 0:00:17]} 5. g4 {[%emt 0:00:08]} Bd7 {[%emt 0:00:06]} 6. Nc3 {[%emt 0:00:03]} c5 {[%emt 0:00:45]} 7. dxc5 {[%emt 0:04:09]} e6 {[%emt 0:00:33]} 8. Be3 {[%emt 0:05:35]} a6 {[%emt 0:09:10]} 9. f4 {[%emt 0:10:08]} Qc7 {[%emt 0:03:53]} 10. Nf3 {[%emt 0:01:34]} Bxc5 {[%emt 0:00:17]} 11. Bxc5 {[%emt 0:02:49]} Qxc5 {[%emt 0:00:09]} 12. Qd2 {[%emt 0:00:01]} Nc6 {[%emt 0:08:07]} 13. O-O-O {[%emt 0:00:13]} Nge7 {[%emt 0:01:15]} 14. Bd3 {[%emt 0:12:25]} O-O-O {[%emt 0:02:27]} 15. Kb1 {[%emt 0:04:44]} Kb8 {[%emt 0:00:32]} 16. g5 {[%emt 0:06:42]} hxg5 {[%emt 0:02:20]} 17. hxg5 {[%emt 0:00:47]} g6 {[%emt 0:00:38]} 18. Rh6 {[%emt 0:06:09]} Nb4 {[%emt 0:01:34]} 19. Rdh1 {[%emt 0:00:13]} Rhf8 {[%emt 0:00:10]} 20. Rh7 {[%emt 0:02:00]} Nxd3 {[%emt 0:00:29]} 21. cxd3 {[%emt 0:00:03]} Nf5 {[%emt 0:01:17]} 22. Nh4 {[%emt 0:06:27]} Qe3 {[%emt 0:02:04]} 23. Qxe3 {[%emt 0:02:30]} Nxe3 {[%emt 0:00:22]} 24. d4 {[%emt 0:01:40]} Rh8 {[%emt 0:02:41]} 25. Nf3 {[%emt 0:00:15]} Rxh7 {[%emt 0:02:53]} 26. Rxh7 {[%emt 0:00:06]} Rf8 {[%emt 0:00:12]} 27. Rh2 {[%emt 0:00:48]} Kc7 {[%emt 0:01:28]} 28. Kc1 {[%emt 0:00:49]} Kd8 {[%emt 0:00:13]} 29. Nd1 {[%emt 0:00:22]} Nf5 {[%emt 0:00:32]} 30. Kd2 {[%emt 0:05:15]} Ke7 {[%emt 0:03:17]} 31. Rh3 {[%emt 0:05:04]} Rc8 {[%emt 0:02:34]} 32. Ne3 {[%emt 0:02:39]} Nxe3 {[%emt 0:01:26]} 33. Kxe3 {[%emt 0:00:02]} Rc1 {[%emt 0:00:39]} 34. Rh2 {[%emt 0:00:31]} Ra1 {[%emt 0:01:37]} 35. a3 {[%emt 0:04:42]} Bb5 {[%emt 0:00:39]} 36. Rg2 {[%emt 0:02:23]} Rd1 {[%emt 0:00:52]} 37. Rd2 {[%emt 0:00:10]} Rc1 {[%emt 0:00:21]} 38. Kf2 {[%emt 0:02:37]} Ba4 {[%emt 0:01:48]} 39. Ne1 {[%emt 0:01:13]} Bb5 {[%emt 0:00:34]} 40. Nf3 {[%emt 0:00:00]} Ba4 {[%emt 0:00:00]} 41. Ne1 {[%emt 0:01:06]} 1/2-1/2